| 000 | 00779nam a22002417a 4500 | ||
|---|---|---|---|
| 999 |
_c14924 _d14924 |
||
| 003 | AR-CdUCM | ||
| 008 | 190425b ||||| |||| 00| 0 spa d | ||
| 020 | _a978-84-9825-762-5 | ||
| 040 |
_aMUNICIPALIDAD PROVINCIAL DEL CUSCO _cBIBLIOTECA MUNICIPAL DEL CUSCO |
||
| 041 | _heng | ||
| 082 |
_aPI / 376.1 / _bR34 _23ed. |
||
| 100 |
_aRedford, Ruth _933899 |
||
| 245 |
_aToca, toca : _bmis primeros números / |
||
| 260 |
_aBarcelona : _bCombel, _c2016.. |
||
| 300 |
_a8 paginas ; _bIlustraciones _c26 cm. |
||
| 500 | _aTitulo original : Ladybird toddler touch | ||
| 650 |
_aAprendiendo los números _933900 |
||
| 650 |
_aAprende contando _933901 |
||
| 650 |
_aCuentos con números _933902 |
||
| 650 |
_aNiños (as) _933869 |
||
| 942 |
_2ddc _cLIBROS |
||
| 945 |
_awnts _d2019-04-25 |
||